000 00844cam a2200313 4500500
005 20260329004025.0
041 _afre
042 _adc
100 1 0 _aTesson, Sylvain
_eauthor
245 0 0 _aPeut-on désirer sans dominer ?
260 _c2018.
500 _a66
690 _aConsentement
690 _acontrat
690 _aDomination
690 _aElsa Dorlin
690 _aÉric Reinhardt
690 _aEva Illouz
690 _aFemme
690 _aHarcèlement
690 _aHarvey Weinstein
690 _aHomme
690 _aIsabelle Sorente
690 _aManon Garcia
690 _aSexe
690 _aSexualité
786 0 _nPhilosophie magazine | 116 | 2 | 2018-02-01 | p. 23-24 | 1951-1787
856 4 1 _uhttps://shs.cairn.info/magazine-philosophie-magazine-2018-2-page-23?lang=fr&redirect-ssocas=7080
999 _c1829861
_d1829861